1924 1921 1606 1680 1094 1856 1827 1243 1458 1560 1647 1096 1321 1308 1808 1949 1895 1833 1073 1314 1279 1471 1282 1250 1888 1490 1377 1767 1993 1339 1258 1532 1156 1654 1878 1397 1137 1263 1583 1158 1324 1006 1235 1399 1849 1027 1026 1260 1925 1412 1881 1960 1678 1437 1736 1733 1244 1762 1512 1708 1900 1467 1295 1108 1641 1021 1330 1539 1203 1270 1571 2000 1742 1295 1922 1613 1739 1747 1808 1253 1375 1970 1255 1714 1485 1397 1987 1872 1157 1981 1171 1901 1674 1944 1503 1930 1471 1583 1408 BCNSPRNW ULIB Ver.6.0+V

เปลี่ยนเป็นภาษาไทย

Change to English
 แสดงรายละเอียดบรรณานุกรม
  กลับหน้าหลัก

Brief Record : Get Marc (ISO 2709) : E-mail record : QR code < ปิดหน้าต่าง
LEADER : 00000nam 2200000uu 4500
001    13399111987
003     ULIB
008    110714s2552||||th 000 0 tha d
020    6117010231
090    นว.^bวพ492ก 2552
100 0  พอล ซัสเมน
245 00 กองทัพที่สาบสูญของแคมบีซีส :^nThe lost army of cambyses/^cพอล ซัสเมน
250    พิมพ์ครั้งที่ 1
260    กรุงเทพฯ :^bนกฮูก,^c2552
300    416 หน้า
945    ^p350^l0^i028436
995     เกษร
999     ^aใช้งานได้ทุกระบบ
รายการนี้ยังไม่มีแท็ก
คุณยังไม่ได้ล็อกอิน คุณสามารถมีกิจกรรมร่วมกับเว็บไซต์ได้ แต่ต้องล็อกอินก่อน ::
  ล็อกอิน

รายการสื่อสารสนเทศ

ลำดับที่ ประเภท เลขเรียก/บาร์โค้ด สถานที่ สถานะ
1. วิทยาศาสตร์การแพทย์ และสุขภาพ
วิทยาศาสตร์การแพทย์ และสุขภาพ
นว. วพ492ก 2552  
  Barcode: 028436
ห้องสมุดวิทยาเขตสวรรค์ประชารักษ์
►นวนิยาย
บนชั้น
  ขอยืม

BibComment


ยังไม่เคยถูกคอมเมนท์

คอมเมนท์ทรัพยากรรายการนี้
  คอมเมนท์: กองทัพที่สาบสูญขอ..


 Copyright 2026. Bcnsprnw @Library